Roadwork : (Record no. 2553)

MARC details
000 -LEADER
fixed length control field 00792nac a22002051u 4500
008 - FIXED-LENGTH DATA ELEMENTS--GENERAL INFORMATION
fixed length control field 100913t xxu||||| |||| 00| 0 eng d
020 ## - INTERNATIONAL STANDARD BOOK NUMBER
International Standard Book Number 0750664703
082 ## - DEWEY DECIMAL CLASSIFICATION NUMBER
Classification number 625.7
Item number ROA
245 ## - TITLE STATEMENT
Title Roadwork :
Remainder of title Theory and Practice/
Statement of responsibility, etc Peter Kendrick ...[et al.].
250 ## - EDITION STATEMENT
Edition statement 5th ed.
260 ## - PUBLICATION, DISTRIBUTION, ETC. (IMPRINT)
Place of publication, distribution, etc Oxford:
Name of publisher, distributor, etc Elsevier Butterworth-Heinemann,
Date of publication, distribution, etc 2004
300 ## - PHYSICAL DESCRIPTION
Extent viii, 317 p. :
Other physical details ill. ;
Dimensions 28 cm.
500 ## - GENERAL NOTE
General note Includes index
600 ## - SUBJECT ADDED ENTRY--PERSONAL NAME
Personal name Peter Kendrick ...[et al.].
9 (RLIN) 18806
650 ## - SUBJECT ADDED ENTRY--TOPICAL TERM
Topical term or geographic name as entry element Roads -- Design and construction.
9 (RLIN) 18807
650 ## - SUBJECT ADDED ENTRY--TOPICAL TERM
Topical term or geographic name as entry element Kendrick, Peter S.
9 (RLIN) 18808
700 ## - ADDED ENTRY--PERSONAL NAME
Personal name Kendrick, Peter
9 (RLIN) 18805
942 ## - ADDED ENTRY ELEMENTS (KOHA)
Item type Book - Borrowing
Call number prefix 625.7 KEN
Source of classification or shelving scheme Dewey Decimal Classification
Holdings
Withdrawn status Item status Source of classification or shelving scheme Damaged status Not for loan Vendor Home library Current library Shelving location Date acquired Source of acquisition Total Checkouts Total Renewals Full call number Barcode Date last seen Date last borrowed Koha item type
    Dewey Decimal Classification       Central Library Central Library First floor 13/09/2010   2 8 625.7 ROA 000001628 15/07/2025 22/10/2017 Book - Borrowing